| 000 | 00916nam a2200301Ia 4500 | ||
|---|---|---|---|
| 003 | GCL | ||
| 008 | 140319s9999 xx 000 0 ara d | ||
| 040 |
_aGCL / _cGCL |
||
| 082 | 0 | 4 |
_a301.01 _bغ ت |
| 100 | 1 | _aغريب سيد احمد | |
| 245 | 1 | 0 |
_aتاريخ الفكر الاجتماعى / _cغريب سيد احمد |
| 260 |
_a[S.N] : _bدار المعرفة الجامعية ، _c1995 |
||
| 300 | _a432 ص | ||
| 490 |
_aعلم الاجتماع قضايا الانسان والمجتمع _v0 |
||
| 650 | 0 | 4 | _aالماكيافيلية |
| 650 | 0 | 4 | _aنظريات |
| 650 | 0 | 4 | _aالاجتماع |
| 650 | 0 | 4 | _aابن خلدون |
| 650 | 0 | 4 | _aارسطو |
| 650 | 0 | 4 | _aاوجست كونت |
| 650 | 0 | 4 | _aالفارابى |
| 650 | 0 | 4 | _aافلاطون |
| 650 | 0 | 4 | _aالمقريزى |
| 650 | 0 | 4 | _aفولتير |
| 650 | 0 | 4 | _aميكافيللى |
| 650 | 0 | 4 | _aماركس، كارل |
| 942 |
_2ddc _cBK |
||
| 999 |
_c27849 _d27849 |
||